[Event "18th European Teams w"]
[Site "Porto Carras GRE"]
[Date "2011.11.03"]
[Round "1.1"]
[White "Kosintseva, Nadezhda"]
[Black "Porat, Maya"]
[Result "1-0"]
[WhiteElo "2546"]
[BlackElo "2299"]
[PlyCount "97"]
[EventDate "2011.??.??"]
[WhiteTeam "Russia"]
[BlackTeam "Israel"]
[WhiteTeamCountry "RUS"]
[BlackTeamCountry "ISR"]

1. e4 e6 2. d4 d5 3. Nc3 Bb4 4. e5 Ne7 5. a3 Bxc3+ 6. bxc3 b6 7. Qg4 Ng6 8. h4
h5 9. Qg3 Ba6 10. Bxa6 Nxa6 11. Bg5 Qd7 12. a4 c5 13. Ne2 Rc8 14. Qd3 Nb8 15.
O-O Qc6 16. Qf3 Nd7 17. Rfe1 cxd4 18. cxd4 Qc4 19. c3 Nb8 20. Ra3 Nc6 21. Ng3
Na5 22. Nxh5 Rh7 23. g4 Kf8 24. Kg2 Qa6 25. Rh1 Nc4 26. Ra2 b5 27. Rha1 b4 28.
cxb4 Qb6 29. Qd1 Qxb4 30. Rb1 Qc3 31. Rb3 Qa5 32. Qb1 Nb6 33. Rb5 Qc3 34. Qb4+
Qxb4 35. Rxb4 Rc4 36. Rxc4 Nxc4 37. Ra1 Ne7 38. Bxe7+ Kxe7 39. Rb1 a5 40. Rb7+
Kf8 41. Kg3 Nd2 42. f3 Nc4 43. Nf4 Ke8 44. Nh3 Rh6 45. Ng5 f5 46. Rxg7 Ne3 47.
h5 Nc2 48. Rc7 Nxd4 49. Nf7 1-0

[Event "18th European Teams w"]
[Site "Porto Carras GRE"]
[Date "2011.11.03"]
[Round "1.2"]
[White "Efroimski, Marsel"]
[Black "Kosintseva, Tatiana"]
[Result "0-1"]
[WhiteElo "2230"]
[BlackElo "2526"]
[PlyCount "64"]
[EventDate "2011.??.??"]
[WhiteTeam "Israel"]
[BlackTeam "Russia"]
[WhiteTeamCountry "ISR"]
[BlackTeamCountry "RUS"]

1. e4 c5 2. Nf3 e6 3. d4 cxd4 4. Nxd4 Nc6 5. Nc3 d6 6. g4 a6 7. Be3 Nge7 8. Nb3
b5 9. f4 Bb7 10. Bg2 Ng6 11. O-O Nh4 12. Bh1 Be7 13. Qd2 O-O 14. Rad1 h6 15.
Bf2 Ng6 16. Ne2 a5 17. Qe3 Qc8 18. h3 b4 19. Nbc1 a4 20. Nd3 Na5 21. b3 Nc6 22.
Be1 axb3 23. axb3 Ra2 24. Nxb4 Nxb4 25. Bxb4 Rxc2 26. Bxd6 Bxd6 27. Rxd6 Rxe2
28. Qxe2 Qc5+ 29. Rf2 Qxd6 30. e5 Qb6 31. f5 Bxh1 32. Kxh1 Nxe5 0-1

[Event "18th European Teams w"]
[Site "Porto Carras GRE"]
[Date "2011.11.03"]
[Round "1.3"]
[White "Gunina, Valentina"]
[Black "Borsuk, Angela"]
[Result "1/2-1/2"]
[WhiteElo "2514"]
[BlackElo "2257"]
[PlyCount "192"]
[EventDate "2011.??.??"]
[WhiteTeam "Russia"]
[BlackTeam "Israel"]
[WhiteTeamCountry "RUS"]
[BlackTeamCountry "ISR"]

1. d4 Nf6 2. Nf3 d6 3. c4 g6 4. g3 c6 5. Bg2 Bg7 6. O-O O-O 7. Nc3 Bf5 8. Nh4
Be6 9. d5 cxd5 10. cxd5 Bd7 11. Nf3 Na6 12. Be3 Qa5 13. a3 Rfc8 14. b4 Qd8 15.
Rc1 Nc7 16. Nd4 Ng4 17. Bf4 Ne5 18. Qb3 Nd3 19. exd3 Bxd4 20. Rfe1 Nb5 21. Nxb5
Bxb5 22. Bh3 Bd7 23. Bxd7 Qxd7 24. Rc4 Bg7 25. Rec1 h5 26. h4 Qf5 27. Be3 a6
28. Kh2 Kh7 29. Rf4 Qd7 30. Rxf7 Kg8 31. Rf4 Rxc1 32. Bxc1 Bh6 33. Rc4 Bxc1 34.
Rxc1 Qf5 35. Rc2 g5 36. Qc4 Rf8 37. Qd4 gxh4 38. Qxh4 Rf7 39. Qe4 Qxe4 40. dxe4
Rf3 41. Kg2 Rxa3 42. Rc7 Kf7 43. Rxb7 Rb3 44. Rb6 Kf6 45. f3 Ke5 46. Rxa6 Rxb4
47. Ra8 Rb2+ 48. Kh3 Kf6 49. Ra4 Rf2 50. f4 Re2 51. Rd4 Kg6 52. Ra4 Kf6 53. Ra8
Rxe4 54. Kh4 Rd4 55. Rf8+ Kg6 56. Rg8+ Kf6 57. Rg5 Rd1 58. Kxh5 Rd2 59. Kg4 Rd3
60. Rh5 Kg6 61. Kh4 Rd4 62. Rg5+ Kf6 63. Kh5 Rd1 64. Kg4 Rd3 65. Rh5 Kg6 66.
f5+ Kf6 67. Rh6+ Kg7 68. Re6 Kf7 69. Rh6 Kg7 70. Kh5 Rxd5 71. g4 Rd1 72. Kg5
Rg1 73. Rh2 Rg3 74. Ra2 Rb3 75. Re2 Kf7 76. Rh2 Kg7 77. Kh5 Rf3 78. Re2 Kf7 79.
Kh4 Kf6 80. Re1 Rd3 81. Rf1 Rd2 82. g5+ Kf7 83. Rh1 Rf2 84. Kg4 Rg2+ 85. Kf4
e5+ 86. fxe6+ Kxe6 87. Rh7 Ra2 88. Kg4 d5 89. Kh5 d4 90. Kg6 Rg2 91. Ra7 Ke5
92. Kh6 Ke4 93. g6 d3 94. g7 d2 95. Rd7 Ke3 96. Kh7 Rg3 1/2-1/2

[Event "18th European Teams w"]
[Site "Porto Carras GRE"]
[Date "2011.11.03"]
[Round "1.4"]
[White "Vasiliev, Olga"]
[Black "Pogonina, Natalija"]
[Result "1/2-1/2"]
[WhiteElo "2305"]
[BlackElo "2451"]
[PlyCount "82"]
[EventDate "2011.??.??"]
[WhiteTeam "Israel"]
[BlackTeam "Russia"]
[WhiteTeamCountry "ISR"]
[BlackTeamCountry "RUS"]

1. e4 e5 2. Nf3 Nc6 3. Bb5 a6 4. Ba4 Nf6 5. Qe2 b5 6. Bb3 Be7 7. c3 d5 8. d3
O-O 9. O-O Bb7 10. exd5 Nxd5 11. Nxe5 Nxe5 12. Qxe5 Re8 13. Nd2 Qd7 14. Ne4
Rad8 15. Qg3 Kh8 16. Bd2 h6 17. f3 f5 18. Nf2 Bd6 19. Qh4 Re2 20. Rad1 Rde8 21.
d4 Qf7 22. Nd3 Qg6 23. Rf2 R2e7 24. a4 Ne3 25. Re1 f4 26. Ne5 Bxe5 27. dxe5
Rxe5 28. Qxf4 Nxg2 29. Rxg2 Rxe1+ 30. Bxe1 Rxe1+ 31. Kf2 Qe8 32. Qd2 Re5 33.
Bc2 Rd5 34. Qf4 Re5 35. Qd2 Qe7 36. Qd3 Qh4+ 37. Rg3 Qxh2+ 38. Rg2 Qh4+ 39. Rg3
Qh2+ 40. Rg2 Qh4+ 41. Rg3 Qh2+ 1/2-1/2

[Event "18th European Teams w"]
[Site "Porto Carras GRE"]
[Date "2011.11.03"]
[Round "1.1"]
[White "Dembo, Yelena"]
[Black "Zhukova, Natalia"]
[Result "1/2-1/2"]
[WhiteElo "2468"]
[BlackElo "2427"]
[PlyCount "24"]
[EventDate "2011.??.??"]
[WhiteTeam "Greece"]
[BlackTeam "Ukraine"]
[WhiteTeamCountry "GRE"]
[BlackTeamCountry "UKR"]

1. e4 d6 2. d4 Nf6 3. Nc3 g6 4. f4 Bg7 5. Nf3 c5 6. Bb5+ Bd7 7. Bxd7+ Nfxd7 8.
Be3 O-O 9. O-O cxd4 10. Bxd4 Bh6 11. Ne2 Nc6 12. Bf2 Nc5 1/2-1/2

[Event "18th European Teams w"]
[Site "Porto Carras GRE"]
[Date "2011.11.03"]
[Round "1.2"]
[White "Ushenina, Anna"]
[Black "Botsari, Anna-Maria"]
[Result "1/2-1/2"]
[WhiteElo "2463"]
[BlackElo "2313"]
[PlyCount "73"]
[EventDate "2011.??.??"]
[WhiteTeam "Ukraine"]
[BlackTeam "Greece"]
[WhiteTeamCountry "UKR"]
[BlackTeamCountry "GRE"]

1. d4 Nf6 2. c4 e6 3. Nf3 b6 4. Nc3 Bb4 5. e3 Bb7 6. Bd3 O-O 7. O-O c5 8. Na4
Na6 9. a3 Ba5 10. d5 exd5 11. cxd5 Re8 12. Rb1 d6 13. b3 Qd7 14. Bb2 Ne4 15.
Bxe4 Rxe4 16. Ng5 Rg4 17. Nh3 b5 18. Nc3 Bxc3 19. Bxc3 Nc7 20. Nf4 Qf5 21. f3
Rh4 22. Be1 Rh6 23. Bg3 Qg5 24. e4 f5 25. b4 c4 26. a4 fxe4 27. fxe4 Qe7 28.
Qd4 bxa4 29. Qxc4 Ba6 30. b5 Bxb5 31. Rxb5 Nxb5 32. Qxb5 Qxe4 33. Ne6 Qe3+ 34.
Bf2 Qe5 35. Bg3 Qe3+ 36. Bf2 Qe5 37. Re1 1/2-1/2

[Event "18th European Teams w"]
[Site "Porto Carras GRE"]
[Date "2011.11.03"]
[Round "1.3"]
[White "Makropoulou, Marina"]
[Black "Gaponenko, Inna"]
[Result "1/2-1/2"]
[WhiteElo "2201"]
[BlackElo "2435"]
[PlyCount "101"]
[EventDate "2011.??.??"]
[WhiteTeam "Greece"]
[BlackTeam "Ukraine"]
[WhiteTeamCountry "GRE"]
[BlackTeamCountry "UKR"]

1. e4 c5 2. Nf3 g6 3. d4 Bg7 4. dxc5 Qa5+ 5. c3 Qxc5 6. Na3 d6 7. Bc4 Nf6 8.
Be3 Qa5 9. Qb3 O-O 10. Ng5 e6 11. f3 d5 12. Bd3 Nc6 13. O-O h6 14. Nh3 dxe4 15.
fxe4 Ng4 16. Bf4 Qc5+ 17. Kh1 e5 18. Bd2 Be6 19. Qc2 Rfd8 20. Rf3 Rd7 21. Raf1
Rad8 22. Bc1 a6 23. b4 Qd6 24. Bc4 b5 25. Bb3 Na7 26. Qe2 Bxb3 27. axb3 Qe6 28.
c4 Nc6 29. Nc2 bxc4 30. bxc4 Nf6 31. Bxh6 Nh5 32. Be3 f6 33. Bc1 Nd4 34. Nxd4
Rxd4 35. Rc3 Rc8 36. g4 Nf4 37. Bxf4 exf4 38. Nxf4 Qxe4+ 39. Qxe4 Rxe4 40. Nxg6
Rcxc4 41. Rxc4 Rxc4 42. Rf4 Rc1+ 43. Kg2 Rc2+ 44. Kg3 Kh7 45. Nh4 Rb2 46. Rc4
Bf8 47. Rc7+ Kg8 48. Nf5 Bxb4 49. Nh6+ Kh8 50. Nf7+ Kg8 51. Nh6+ 1/2-1/2

[Event "18th European Teams w"]
[Site "Porto Carras GRE"]
[Date "2011.11.03"]
[Round "1.4"]
[White "Muzychuk, Mariya"]
[Black "Fakhiridou, Ekaterini"]
[Result "1-0"]
[WhiteElo "2460"]
[BlackElo "2180"]
[PlyCount "111"]
[EventDate "2011.??.??"]
[WhiteTeam "Ukraine"]
[BlackTeam "Greece"]
[WhiteTeamCountry "UKR"]
[BlackTeamCountry "GRE"]

1. e4 c5 2. Nf3 d6 3. d4 cxd4 4. Nxd4 Nf6 5. Nc3 a6 6. Be3 e5 7. Nf3 Be7 8. Bc4
O-O 9. O-O Be6 10. Bxe6 fxe6 11. Na4 Nfd7 12. Qd3 b5 13. Qb3 bxa4 14. Qb7 Nc6
15. Qxc6 Qc8 16. Qxa4 Rb8 17. Rab1 d5 18. c3 Bc5 19. exd5 exd5 20. Qg4 Rb6 21.
Bxc5 Nxc5 22. Qxc8 Rxc8 23. Nxe5 Na4 24. Rfd1 Rb5 25. Nd3 Rcb8 26. Rd2 Nxc3 27.
Ra1 Ne4 28. Rc2 Nf6 29. Re1 R5b7 30. f3 h6 31. Re6 Rb6 32. Re7 R6b7 33. Rxb7
Rxb7 34. Rc6 Ra7 35. Kf2 a5 36. Ke3 Re7+ 37. Kd2 Ra7 38. g4 Kf7 39. h4 Ke7 40.
Ke3 Ne8 41. Kd4 Nc7 42. Nf4 Kf7 43. Nxd5 Nxd5 44. Kxd5 Rd7+ 45. Ke5 Rb7 46. b3
Rb5+ 47. Kd4 h5 48. g5 Rf5 49. Ke4 Rb5 50. f4 g6 51. Rc7+ Kf8 52. Rd7 Ke8 53.
Rd5 Rb4+ 54. Ke5 a4 55. Kf6 axb3 56. axb3 1-0

[Event "18th European Teams w"]
[Site "Porto Carras GRE"]
[Date "2011.11.03"]
[Round "1.1"]
[White "Javakhishvili, Lela"]
[Black "Mamedjarova, Zeinab"]
[Result "0-1"]
[WhiteElo "2475"]
[BlackElo "2314"]
[PlyCount "130"]
[EventDate "2011.??.??"]
[WhiteTeam "Georgia"]
[BlackTeam "Azerbaidjan"]
[WhiteTeamCountry "GEO"]

1. d4 Nf6 2. c4 c5 3. d5 e6 4. Nc3 exd5 5. cxd5 d6 6. Nf3 g6 7. e4 Bg7 8. Bd3
O-O 9. h3 b5 10. Nxb5 Nxe4 11. O-O a6 12. Qa4 Bf5 13. Na3 Nc3 14. Qc2 Bxd3 15.
Qxd3 Na4 16. Nc4 Nb6 17. Bg5 Qc7 18. Rae1 N8d7 19. Re7 Nxc4 20. Qxc4 Qc8 21. b3
Nb6 22. Qe4 a5 23. Rd1 a4 24. Qf4 axb3 25. axb3 Qb8 26. Bh6 Qd8 27. Rb7 Rb8 28.
Bxg7 Kxg7 29. Rxb8 Qxb8 30. b4 Nd7 31. bxc5 Nxc5 32. h4 h6 33. h5 Qd8 34. Qg4
Re8 35. Rd4 Qc8 36. Qg3 Ne4 37. Qf4 g5 38. Qe3 Nc3 39. Qd3 Ne2+ 40. Kh2 Nxd4
41. Nxd4 Qg4 42. Qc3 Qxh5+ 43. Kg1 Kh7 44. Nf5 Qg6 45. g4 Re5 46. Qd3 h5 47. f3
hxg4 48. fxg4 Kg8 49. Qc2 Qf6 50. Qc8+ Kh7 51. Qc2 Rxf5 52. gxf5 Qd4+ 53. Kg2
Qxd5+ 54. Kg3 Qe5+ 55. Kg4 Qf4+ 56. Kh3 Kg7 57. Qc3+ Qe5 58. Qc8 Kf6 59. Kg2
Qxf5 60. Qd8+ Ke5 61. Qe7+ Kd4 62. Qa7+ Qc5 63. Qa4+ Ke5 64. Qe8+ Kf6 65. Qh8+
Ke7 0-1

[Event "18th European Teams w"]
[Site "Porto Carras GRE"]
[Date "2011.11.03"]
[Round "1.2"]
[White "Kazimova, Narmin"]
[Black "Paikidze, Nazi"]
[Result "0-1"]
[WhiteElo "2241"]
[BlackElo "2422"]
[PlyCount "116"]
[EventDate "2011.??.??"]
[WhiteTeam "Azerbaidjan"]
[BlackTeam "Georgia"]
[BlackTeamCountry "GEO"]

1. Nf3 d5 2. d4 Nf6 3. c4 e6 4. Nc3 c6 5. e3 Nbd7 6. Qc2 Bd6 7. g4 h6 8. h3 e5
9. Bd2 O-O 10. cxd5 cxd5 11. dxe5 Nxe5 12. Nxe5 Bxe5 13. Bg2 Bd7 14. O-O Bc6
15. f4 Bc7 16. Rad1 Qe7 17. b4 d4 18. exd4 Bb6 19. Be1 Rac8 20. Kh2 Rfd8 21.
Bxc6 Rxc6 22. b5 Rc4 23. Qe2 Qc7 24. Qf3 Rdxd4 25. Rxd4 Bxd4 26. Ne2 Bb6 27.
Ng3 Rc2+ 28. Kh1 Qd7 29. a4 Qd5 30. a5 Bc7 31. Qxd5 Nxd5 32. Nf5 Rc1 33. Rg1
Bxf4 34. Bf2 Rc2 35. Rd1 Rxf2 36. Rxd5 Rd2 37. Rc5 Rd8 38. Rc4 Bb8 39. a6 bxa6
40. bxa6 Kf8 41. Nd4 Ke8 42. Nc6 Rc8 43. Re4+ Kd7 44. Nxb8+ Rxb8 45. Rd4+ Ke6
46. Re4+ Kf6 47. Rf4+ Kg6 48. h4 f6 49. Ra4 Rb2 50. Kg1 h5 51. Kh1 hxg4 52.
Rxg4+ Kh6 53. Ra4 Kh5 54. Kg1 f5 55. Rf4 g6 56. Ra4 Re2 57. Rc4 Re6 58. Ra4 Re4
0-1

[Event "18th European Teams w"]
[Site "Porto Carras GRE"]
[Date "2011.11.03"]
[Round "1.3"]
[White "Khurtsidze, Nino"]
[Black "Mammadova, Gulnar"]
[Result "1-0"]
[WhiteElo "2440"]
[BlackElo "2290"]
[PlyCount "103"]
[EventDate "2011.??.??"]
[WhiteTeam "Georgia"]
[BlackTeam "Azerbaidjan"]
[WhiteTeamCountry "GEO"]

1. Nf3 d5 2. e3 Nf6 3. b3 e6 4. Bb2 Bd6 5. d4 O-O 6. Nbd2 c5 7. Bd3 Nc6 8. a3
cxd4 9. exd4 Bf4 10. O-O Re8 11. Ne5 Nxe5 12. dxe5 Nd7 13. Nf3 b6 14. g3 Bh6
15. b4 a5 16. Qe2 Bb7 17. Nd4 f6 18. f4 axb4 19. axb4 Rxa1 20. Rxa1 fxe5 21.
fxe5 Nf8 22. Nb5 d4 23. Nd6 Be3+ 24. Kf1 Re7 25. Bc1 Bxc1 26. Rxc1 Rd7 27. Kg1
Qg5 28. Rf1 Ng6 29. Bc4 Bd5 30. Bxd5 exd5 31. Nf5 Rf7 32. h4 Qd8 33. e6 Rc7 34.
e7 Rxe7 35. Nxe7+ Qxe7 36. Qxe7 Nxe7 37. Rf4 h5 38. Kf2 b5 39. Rxd4 Kf7 40.
Rf4+ Ke6 41. Rf8 Nc6 42. c3 d4 43. cxd4 Nxd4 44. Rg8 Kf6 45. Rc8 g6 46. Ke3
Nf5+ 47. Kf4 Nd4 48. Ke4 Nf5 49. Rc6+ Kg7 50. Kf4 Nd4 51. Rd6 Nf5 52. Rd5 1-0

[Event "18th European Teams w"]
[Site "Porto Carras GRE"]
[Date "2011.11.03"]
[Round "1.4"]
[White "Mamedjarova, Turkan"]
[Black "Melia, Salome"]
[Result "1/2-1/2"]
[WhiteElo "2277"]
[BlackElo "2392"]
[PlyCount "114"]
[EventDate "2011.??.??"]
[WhiteTeam "Azerbaidjan"]
[BlackTeam "Georgia"]
[BlackTeamCountry "GEO"]

1. e4 c6 2. d4 d5 3. exd5 cxd5 4. Bd3 Nc6 5. c3 Qc7 6. h3 g6 7. Nf3 Bf5 8. O-O
Bxd3 9. Qxd3 Bg7 10. Re1 Nf6 11. Ne5 O-O 12. Bf4 Qb6 13. Nxc6 bxc6 14. Nd2 Qxb2
15. Rab1 Qa3 16. Rb7 Rfe8 17. g4 c5 18. dxc5 Qxc5 19. Rc7 Qa3 20. Be5 Qxa2 21.
g5 Ne4 22. Bf4 Nxd2 23. Bxd2 e5 24. c4 Rac8 25. Rxc8 Rxc8 26. cxd5 Rd8 27. d6
Bf8 28. Bb4 Qe6 29. Rd1 e4 30. Qe3 Bxd6 31. Bxd6 Rxd6 32. Rxd6 Qxd6 33. Qxa7
Qe5 34. h4 Kg7 35. Kg2 Qc3 36. Kg1 Qc1+ 37. Kg2 Qd1 38. Kh2 Qd6+ 39. Kg2 Qe5
40. Kg1 Kf8 41. Qa8+ Kg7 42. Qa7 Qd5 43. Qa1+ Kg8 44. Qb2 Kf8 45. Qh8+ Ke7 46.
Qxh7 Ke6 47. Qh8 Kf5 48. h5 Kxg5 49. hxg6 fxg6 50. Qf8 Qd1+ 51. Kg2 Qg4+ 52.
Kf1 Qf4 53. Qd8+ Kg4 54. Qd7+ Qf5 55. Qd1+ Kh4 56. Qd6 Qf3 57. Qxg6 Qg4 1/2-1/2

[Event "18th European Teams w"]
[Site "Porto Carras GRE"]
[Date "2011.11.03"]
[Round "1.1"]
[White "Kulovana, Eva"]
[Black "Danielian, Elina"]
[Result "0-1"]
[WhiteElo "2297"]
[BlackElo "2507"]
[PlyCount "256"]
[EventDate "2011.??.??"]
[WhiteTeam "Czech Republic"]
[BlackTeam "Armenia"]
[WhiteTeamCountry "CZE"]
[BlackTeamCountry "ARM"]

1. e4 c5 2. Nf3 e6 3. b3 d6 4. Bb2 Nc6 5. Bb5 Bd7 6. O-O Nf6 7. Re1 Be7 8. d4
cxd4 9. Nxd4 O-O 10. Nxc6 Bxc6 11. Bxc6 bxc6 12. Nd2 d5 13. c4 a5 14. Qf3 a4
15. Rad1 axb3 16. axb3 Ra2 17. Bxf6 Bxf6 18. exd5 cxd5 19. cxd5 exd5 20. Nf1 d4
21. Ng3 g6 22. Re2 Ra3 23. Red2 Qb6 24. Rd3 Re8 25. Ne4 Bg7 26. g3 h6 27. Nd2
Qe6 28. Qf4 g5 29. Qf3 g4 30. Qf4 Qe2 31. Nc4 Rxb3 32. Qd2 Qxd2 33. R3xd2 Re6
34. Nb2 Reb6 35. Nd3 Rb1 36. Kg2 R1b3 37. Kg1 Rb1 38. Kg2 Kh7 39. h3 h5 40. Nf4
Kh6 41. Ne2 Rxd1 42. Rxd1 gxh3+ 43. Kxh3 Rb2 44. Nxd4 Rxf2 45. Rd3 Kg6 46. Nf3
Kf5 47. Nh4+ Ke4 48. Rb3 Bd4 49. Ra3 f5 50. Rb3 Bc5 51. Rc3 Bd6 52. Rb3 Rc2 53.
Ng6 Bc5 54. Nh4 Rc1 55. Kg2 Rg1+ 56. Kh2 Rf1 57. Kg2 Rf2+ 58. Kh3 Be7 59. Ng6
Bg5 60. Nh4 f4 61. gxf4 Bxf4 62. Ng2 Bd6 63. Re3+ Kf5 64. Nh4+ Kg5 65. Nf3+ Kf4
66. Rc3 Ra2 67. Rb3 Bc5 68. Rc3 Be3 69. Nh2 Ke4 70. Rb3 Bf4 71. Nf3 Ra8 72. Rc3
Be3 73. Nh2 Rg8 74. Ra3 Bf4 75. Ra4+ Kf5 76. Ra5+ Be5 77. Ra3 Rg1 78. Rb3 Rh1
79. Rf3+ Ke4 80. Rf2 Bf4 81. Ra2 Kf5 82. Rg2 Ra1 83. Rf2 Ke4 84. Kg2 Be3 85.
Rb2 Rg1+ 86. Kh3 Bf4 87. Rb3 Rh1 88. Rb2 h4 89. Ra2 Kf5 90. Rg2 Bg3 91. Rc2 Bf4
92. Rg2 Ra1 93. Rf2 Ra3+ 94. Rf3 Ra2 95. Ng4 Ra1 96. Nh2 Rg1 97. Rb3 Be5 98.
Ra3 Rh1 99. Ra2 Kg5 100. Rc2 Kh5 101. Ra2 Rg1 102. Rg2 Rb1 103. Rf2 Bg3 104.
Ra2 Rb3 105. Kg2 Bc7 106. Nf1 h3+ 107. Kh1 Rf3 108. Nh2 Rc3 109. Ra1 Rc2 110.
Nf1 Bf4 111. Rb1 Kg4 112. Ra1 Rb2 113. Rd1 Kf3 114. Ra1 Kf2 115. Rd1 Rb8 116.
Nh2 Rg8 117. Ra1 Rg2 118. Ra2+ Kg3 119. Nf1+ Kf3 120. Ra3+ Kf2 121. Ra2+ Kxf1
122. Ra1+ Ke2 123. Ra2+ Kf3 124. Ra3+ Kg4 125. Rxh3 Re2 126. Rb3 Be3 127. Rb8
Kf3 128. Rb1 Kg3 0-1

[Event "18th European Teams w"]
[Site "Porto Carras GRE"]
[Date "2011.11.03"]
[Round "1.2"]
[White "Mkrtchian, Lilit"]
[Black "Nemcova, Katerina"]
[Result "1/2-1/2"]
[WhiteElo "2469"]
[BlackElo "2276"]
[PlyCount "63"]
[EventDate "2011.??.??"]
[WhiteTeam "Armenia"]
[BlackTeam "Czech Republic"]
[WhiteTeamCountry "ARM"]
[BlackTeamCountry "CZE"]

1. d4 Nf6 2. c4 e6 3. Nc3 Bb4 4. e3 d5 5. a3 Bxc3+ 6. bxc3 c6 7. Bd3 b6 8. Ne2
Ba6 9. cxd5 Bxd3 10. Qxd3 cxd5 11. c4 O-O 12. O-O Nc6 13. Bd2 dxc4 14. Qxc4 Qd7
15. Rfd1 Rfc8 16. Qb3 Rc7 17. a4 Rac8 18. Be1 h6 19. Qb5 Qe7 20. Rdb1 Ne4 21.
f3 Nd6 22. Qd3 Na5 23. e4 Qd7 24. Nc3 Rc4 25. d5 e5 26. Nb5 Nxb5 27. axb5 R8c5
28. Bb4 Rc8 29. Be1 R8c5 30. Bb4 Rc8 31. Be1 R8c5 32. Bb4 1/2-1/2

[Event "18th European Teams w"]
[Site "Porto Carras GRE"]
[Date "2011.11.03"]
[Round "1.3"]
[White "Havlikova, Kristyna"]
[Black "Galojan, Lilit"]
[Result "1-0"]
[WhiteElo "2285"]
[BlackElo "2383"]
[PlyCount "97"]
[EventDate "2011.??.??"]
[WhiteTeam "Czech Republic"]
[BlackTeam "Armenia"]
[WhiteTeamCountry "CZE"]
[BlackTeamCountry "ARM"]

1. e4 e5 2. Nf3 Nc6 3. Bb5 a6 4. Ba4 Nf6 5. O-O Be7 6. Re1 b5 7. Bb3 d6 8. c3
O-O 9. d4 Bg4 10. d5 Na5 11. Bc2 c6 12. h3 Bc8 13. dxc6 Qc7 14. Nbd2 Qxc6 15.
Nf1 Be6 16. Ng5 Bd7 17. Ne3 h6 18. Nf3 Rfe8 19. Qd3 Be6 20. Rd1 Qb7 21. Nh2
Rad8 22. Nd5 Kf8 23. b3 Nc6 24. a4 b4 25. c4 Nd4 26. Be3 Bxd5 27. exd5 Nxc2 28.
Qxc2 a5 29. Ng4 Kg8 30. Nxf6+ Bxf6 31. Qe4 Rc8 32. Rac1 Qd7 33. c5 dxc5 34.
Bxc5 Bg5 35. Rc4 f5 36. Qc2 e4 37. Bb6 f4 38. Rxc8 Qxc8 39. Qxc8 Rxc8 40. Bxa5
e3 41. d6 e2 42. Re1 Rc2 43. Bxb4 Kf7 44. a5 Bd8 45. a6 Bb6 46. d7 Ra2 47. Bc5
Bd8 48. a7 h5 49. Rxe2 1-0

[Event "18th European Teams w"]
[Site "Porto Carras GRE"]
[Date "2011.11.03"]
[Round "1.4"]
[White "Kursova, Maria"]
[Black "Olsarova, Tereza"]
[Result "1/2-1/2"]
[WhiteElo "2315"]
[BlackElo "2232"]
[PlyCount "79"]
[EventDate "2011.??.??"]
[WhiteTeam "Armenia"]
[BlackTeam "Czech Republic"]
[WhiteTeamCountry "ARM"]
[BlackTeamCountry "CZE"]

1. d4 d5 2. Nf3 Nf6 3. c4 c6 4. e3 e6 5. Nc3 Nbd7 6. Qc2 Bd6 7. Bd3 O-O 8. O-O
dxc4 9. Bxc4 b5 10. Be2 Bb7 11. Rd1 Qb8 12. e4 e5 13. dxe5 Nxe5 14. g3 Re8 15.
Bg5 Neg4 16. h3 Bxg3 17. hxg4 Nxg4 18. Be3 Nxe3 19. fxe3 Re6 20. Bf1 Qc7 21.
Bg2 Rae8 22. b4 Rf6 23. Rd4 Bc8 24. Rf1 Rh6 25. e5 Bxe5 26. Nxe5 Qxe5 27. Rf3
c5 28. Re4 Qh2+ 29. Kf1 Rd8 30. bxc5 Bb7 31. Qd3 Qb8 32. Rd4 Rxd4 33. exd4 Bxf3
34. Bxf3 Qf4 35. Ne2 Rh1+ 36. Kf2 Qh4+ 37. Ke3 Qg5+ 38. Kf2 Qh4+ 39. Ke3 Qg5+
40. Ke4 1/2-1/2

[Event "18th European Teams w"]
[Site "Porto Carras GRE"]
[Date "2011.11.03"]
[Round "1.1"]
[White "Socko, Monika"]
[Black "Golubenko, Valentina"]
[Result "1-0"]
[WhiteElo "2479"]
[BlackElo "2293"]
[PlyCount "101"]
[EventDate "2011.??.??"]
[WhiteTeam "Poland"]
[BlackTeam "Croatia"]
[WhiteTeamCountry "POL"]
[BlackTeamCountry "CRO"]

1. e4 e6 2. d4 d5 3. Nd2 c5 4. Ngf3 Nf6 5. exd5 Nxd5 6. Bb5+ Bd7 7. Bxd7+ Qxd7
8. O-O cxd4 9. Nb3 Be7 10. Nbxd4 O-O 11. c4 Nb6 12. Qe2 Qc8 13. b3 Nc6 14. Bb2
a5 15. Rad1 a4 16. Nxc6 bxc6 17. Qe4 axb3 18. axb3 c5 19. Ne5 Ra2 20. Bc3 Qc7
21. Rd3 f5 22. Qe3 Bf6 23. Rfd1 Bh4 24. g3 f4 25. Qe4 fxg3 26. fxg3 Bf6 27. Nd7
Nxd7 28. Qxe6+ Kh8 29. Rxd7 Qxd7 30. Rxd7 Bxc3 31. Qf5 Re8 32. Qe4 Rea8 33. Re7
Bd4+ 34. Kh1 h6 35. Re8+ Rxe8 36. Qxe8+ Kh7 37. b4 Ra1+ 38. Kg2 Ra2+ 39. Kh1
Ra1+ 40. Kg2 Ra2+ 41. Kh3 Bg1 42. Qe4+ Kh8 43. b5 Rxh2+ 44. Kg4 Rb2 45. Kh5 Rb3
46. Qe8+ Kh7 47. Qg6+ Kh8 48. b6 Bf2 49. b7 Bxg3 50. Qxg3 Rxb7 51. Qe5 1-0

[Event "18th European Teams w"]
[Site "Porto Carras GRE"]
[Date "2011.11.03"]
[Round "1.2"]
[White "Franciskovic, Borka"]
[Black "Zawadzka, Jolanta"]
[Result "0-1"]
[WhiteElo "2280"]
[BlackElo "2326"]
[PlyCount "98"]
[EventDate "2011.??.??"]
[WhiteTeam "Croatia"]
[BlackTeam "Poland"]
[WhiteTeamCountry "CRO"]
[BlackTeamCountry "POL"]

1. Nf3 Nf6 2. g3 g6 3. Bg2 Bg7 4. c4 d6 5. Nc3 O-O 6. O-O e5 7. d3 Nc6 8. Rb1
a5 9. a3 h6 10. b4 axb4 11. axb4 Be6 12. b5 Ne7 13. Qb3 Qd7 14. Ba3 Bh3 15. c5
Be6 16. Qb2 e4 17. Nd4 exd3 18. Bxb7 Nfd5 19. c6 Qe8 20. e3 Bxd4 21. exd4 Nxc3
22. Qxc3 Nd5 23. Qxd3 Bf5 24. Qb3 Rxa3 25. Qxa3 Bxb1 26. Rxb1 Qe4 27. Rd1 Re8
28. Qd3 Qg4 29. Qa3 Rf8 30. Rb1 Qe4 31. Rd1 Re8 32. Qd3 Qg4 33. Qd2 Re2 34.
Qxh6 Qf3 35. Rf1 Ne3 36. Qxe3 Rxe3 37. fxe3 Qxe3+ 38. Rf2 Qxd4 39. Ba6 d5 40.
Kg2 Qe4+ 41. Kh3 Qb4 42. Re2 Kf8 43. Re5 Qd6 44. Re1 Qc5 45. Rb1 d4 46. Bc8 d3
47. Bg4 f5 48. Bd1 g5 49. Rb3 Qf2 0-1

[Event "18th European Teams w"]
[Site "Porto Carras GRE"]
[Date "2011.11.03"]
[Round "1.3"]
[White "Majdan-Gajewska, Joanna"]
[Black "Medic, Mirjana"]
[Result "0-1"]
[WhiteElo "2386"]
[BlackElo "2236"]
[PlyCount "90"]
[EventDate "2011.??.??"]
[WhiteTeam "Poland"]
[BlackTeam "Croatia"]
[WhiteTeamCountry "POL"]
[BlackTeamCountry "CRO"]

1. e4 e6 2. Nf3 d5 3. Nc3 Nf6 4. e5 Nfd7 5. d4 c5 6. dxc5 Nxc5 7. Bd3 Nc6 8.
O-O Be7 9. Re1 Nxd3 10. cxd3 O-O 11. Bf4 Bd7 12. a3 Rc8 13. Rc1 h6 14. h3 Qa5
15. Qb3 Qa6 16. Qd1 b5 17. Qd2 Kh7 18. Be3 b4 19. axb4 Bxb4 20. Ra1 Qb7 21. Nd4
Nxe5 22. Bxh6 Ng6 23. Bf4 Qb6 24. Nc2 Nxf4 25. Qxf4 Bd6 26. Qh4+ Kg8 27. Rab1
Rfe8 28. Qg4 Qb7 29. Qf3 Bc6 30. Nd4 Bc5 31. Qf4 Qb4 32. Nde2 Qxf4 33. Nxf4 d4
34. Ne4 Bb4 35. Red1 e5 36. Ne2 Bd5 37. f4 Rc2 38. Kf1 f5 39. N4g3 exf4 40.
Nxf4 Bd6 41. Ngh5 Bf7 42. Rdc1 Rd2 43. Rc6 Bxf4 44. Nxf4 g5 45. Re1 gxf4 0-1

[Event "18th European Teams w"]
[Site "Porto Carras GRE"]
[Date "2011.11.03"]
[Round "1.4"]
[White "Saric, Kristina"]
[Black "Szczepkowska-Horowska, Karina"]
[Result "0-1"]
[WhiteElo "2255"]
[BlackElo "2379"]
[PlyCount "94"]
[EventDate "2011.??.??"]
[WhiteTeam "Croatia"]
[BlackTeam "Poland"]
[WhiteTeamCountry "CRO"]
[BlackTeamCountry "POL"]

1. d4 Nf6 2. c4 d6 3. Nf3 Nbd7 4. Nc3 e5 5. e4 g6 6. Be2 Bg7 7. O-O O-O 8. Qc2
Nh5 9. Rd1 Nf4 10. Bf1 c5 11. Nb5 Qb6 12. dxc5 dxc5 13. Rd6 Qd8 14. Bxf4 exf4
15. Rad1 Qe7 16. Qd2 Ne5 17. Qxf4 Nxf3+ 18. Qxf3 Bxb2 19. Nc3 Qe5 20. Na4 Bd4
21. Rd5 Qe7 22. Qa3 Qf6 23. R1xd4 cxd4 24. e5 Qe6 25. f4 b5 26. Rd6 Qg4 27. Nb6
axb6 28. Qxa8 Qxf4 29. cxb5 Qxe5 30. Qd5 Qe3+ 31. Kh1 Qe1 32. Qc4 Be6 33. Qe2
Qa1 34. Kg1 Bf5 35. Rxb6 d3 36. Qd2 Re8 37. Rd6 Qe5 38. Rc6 Qxb5 39. Rc1 Ra8
40. h3 Qd5 41. Re1 h5 42. Qc3 Rc8 43. Qd2 Kh7 44. Qb4 Qxa2 45. g4 hxg4 46. Re7
d2 47. Qd4 gxh3 0-1